Communication skills profile

The Communication Skills Profile was designed to help people who want to gain a thorough knowledge of the processes of communication and to improve their effectiveness as communicators. It focuses on two main areas essential for effective communication: Expressing one’s opinions effectively, Listeni...

Полное описание

Сохранить в:
Библиографические подробности
Главный автор: Tosca, Elena
Формат:
Язык:Undetermined
Опубликовано: San Francisco Jossey-Bass Pfeiffer 1997
Предметы:
Метки: Добавить метку
Нет меток, Требуется 1-ая метка записи!
Thư viện lưu trữ: Trung tâm Học liệu Trường Đại học Cần Thơ
LEADER 00918nam a2200205Ia 4500
001 CTU_165584
008 210402s9999 xx 000 0 und d
020 |c 15.00 
082 |a 158.2 
082 |b T713 
100 |a Tosca, Elena 
245 0 |a Communication skills profile 
245 0 |c Elena Tosca 
260 |a San Francisco 
260 |b Jossey-Bass Pfeiffer 
260 |c 1997 
520 |a The Communication Skills Profile was designed to help people who want to gain a thorough knowledge of the processes of communication and to improve their effectiveness as communicators. It focuses on two main areas essential for effective communication: Expressing one’s opinions effectively, Listening to and understanding others. 
650 |a Communication,Interpersonal communication,Giao tiếp cá nhân,Giao tiếp 
904 |i Trọng Hải 
980 |a Trung tâm Học liệu Trường Đại học Cần Thơ